Z prac nad spuścizną Andrzeja Bukowskiego w Bibliotece Głównej Uniwersytetu Gdańskiego
| Titel: | Z prac nad spuścizną Andrzeja Bukowskiego w Bibliotece Głównej Uniwersytetu Gdańskiego |
|---|---|
| In: |
Acta cassubiana, Band 8 (2006), Seite 131-171 alle Artikel anzeigen |
| Veröffentlicht: | 2006 |
| Format: | Aufsatz |
| Sprache: | Polnisch |
X
alg: 39420419 001A $01999:12-11-16 001B $06050:10-03-26 $t09:56:28.000 001D $01999:12-11-16 001U $0utf8 001X $00 002@ $0Aox 003@ $0394204190 007A $0394204190 $aHEB 007T $0Herdk89457 010@ $apol 011@ $a2006 021A $aZ prac nad spuścizną Andrzeja Bukowskiego w Bibliotece Głównej Uniwersytetu Gdańskiego 031A $d8 $h131-171 $j2006 037A $av135Treść: Kakarenko Antoni: [Wstęp] s. 131; Kakarenko A.: Kolekcje warsztatowe dotyczące pomorsko-kaszubskiej problematyki regionalnej s. 132-163; Dąbal Angelika: Kolekcje dotyczące Kościerzyny i Józefa Wybickiego s. 164-171039B $aIn $8--Abvc--. Acta cassubiana. - Gdańsk : [Verlag nicht ermittelbar], 1999-. - ISSN 1509-5703 $x200600000080000869 $9099074672 045T $a7,41 $a7,39 045T $aOST $qDE-12 $2FID lok: 39420419 78 exp: 39420419 78 1 #EPN 201B/01 $026-11-17 $t23:18:12.000 201U/01 $0utf8 203@/01 $0790314703 208@/01 $a12-11-16 $be 209A/01 $a/ $f000 $x00 220C/01 $aTitelaufnehmer: pbb 220C/01 $aHerkunft: PBB/IH PAN 244Z/01 $2Trx $#Prusy Wschodnie i Zachodnie $8--Trx--Ost- und Westpreußen $x01 $939113373X 244Z/01 $2Trx $#Poola $#Lenkija $#Polija $#Polen Land $#Poland $#Lengyelország $#Poľsko $#Polsko $8--Trx--Polska$gkraj $x02 $9391345966 244Z/01 $#Danzig $#Ville Libre de Danzig $#Dantzig $#Ville Libre de Dantzig $#Freistaat Danzig $#Gdańsk $#Freie Stadt Danzig $#Urząd Miejski w Gdańsku $#Gyddanzyc $#Gedanum $#Dantiscum $74011039-4 $8--Tg1--Danzig $x03 $9085022225 244Z/01 $2Trx $8--Trx--Bukowski, Andrzej$Z1911-1997 $x04 $9390618012 244Z/01 $2Trx $8--Trx--Zeitschriftenaufsatz $x05 $9391384341 245Z/01 $a01.03 $x01 247C/01 $82080>Marburg/Lahn, Herder-Institut, Forschungsbibliothek, Bibliographieportal $9336309341
| LEADER | 00000caa a22000002c 4500 | ||
|---|---|---|---|
| 001 | 394204190 | ||
| 003 | DE-603 | ||
| 005 | 20260310095628.0 | ||
| 007 | tu | ||
| 008 | 161112s2006 xx |||| | u00||u|pol c | ||
| 035 | |a (DE-599)HEB394204190 | ||
| 040 | |a DE-603 |b ger |c DE-603 |d DE-603 | ||
| 041 | |a pol | ||
| 084 | |a 7,41 |a 7,39 |2 ssgn | ||
| 084 | |a OST |q DE-12 |2 fid | ||
| 245 | 0 | 0 | |a Z prac nad spuścizną Andrzeja Bukowskiego w Bibliotece Głównej Uniwersytetu Gdańskiego |
| 264 | 0 | |c 2006 | |
| 500 | |a v135Treść: Kakarenko Antoni: [Wstęp] s. 131; Kakarenko A.: Kolekcje warsztatowe dotyczące pomorsko-kaszubskiej problematyki regionalnej s. 132-163; Dąbal Angelika: Kolekcje dotyczące Kościerzyny i Józefa Wybickiego s. 164-171 <rus> | ||
| 773 | 0 | 8 | |i In |t Acta cassubiana |d Gdańsk : [Verlag nicht ermittelbar], 1999- |x 1509-5703 |g Band 8 (2006), Seite 131-171 |w (DE-603)099074672 |w (DE-600)2050525-5 |
| 924 | 0 | |9 2080 |a (DE-603)790314703 |b DE-2080 |c HES |d d |g / | |


